000 00622nam a2200277Ia 4500
005 20260324141853.0
008 008 260324s9999 xx 000 0 eng d
020 _a9781315700663
037 _aEBOOK
040 _aCRL
040 _beng
040 _cCRL
041 _2eng
041 _aeng
084 _qCRL
100 _aHoward Fast; Howard Fast
_91209826
245 0 _aSpartacus
260 _bTaylor and Francis
260 _c1996
365 _a
365 _b280
856 _uhttp://www.taylorfrancis.com/books/9781315700663
942 _cEBOOK
999 _c1813368
_d1813368